|
|
|
|
| LEADER |
01057cam a22003251a 4500 |
| 001 |
000032984 |
| 003 |
9112 |
| 005 |
20151021000000.0 |
| 008 |
151016s2005 000 eng |
| 020 |
|
|
|a 0071456643
|
| 041 |
|
|
|a eng
|
| 082 |
|
|
|a 443
|b WH-P
|
| 100 |
|
|
|a White, Patrick
|
| 245 |
|
|
|a French and English Business Dictionary
|c Patrick White
|
| 260 |
|
|
|a Mcgraw Hill
|c 2005
|
| 300 |
|
|
|a 853tr. : mh ; 25 cm
|
| 650 |
|
|
|a French, English, Business, Dictionary, French - English, Patrick White, 2005
|
| 852 |
|
|
|b Chuyên đề
|c Từ điền 1
|
| OWN |
|
|
|a LNN
|
| AVA |
|
|
|a UDN50
|b LNN
|d 443 WH-P
|e available
|t Error 5001 Not defined in file expand_doc_bib_avail.
|f 2
|g 0
|h N
|i 0
|k 1
|
| 999 |
|
|
|a From the UDN01
|
| AVA |
|
|
|a UDN50
|b LNN
|d 443 WH-P
|e available
|t Error 5001 Not defined in file expand_doc_bib_avail.
|f 2
|g 0
|h N
|i 0
|k 1
|
| TYP |
|
|
|a Monograph
|
| 980 |
|
|
|a Mạng thư viện Đại học Đà Nẵng
|